Southville International School and Colleges
Your cart is empty.
  • Cart
  • Lists
    Public lists Eva Luna New books Lux_list list_1
    Your lists Log in to create your own lists
  • Log in to your account
  • Your cookies
  • Search history
Southville International School and Colleges
  • Advanced search
  • Recent comments
  • Most popular
  • Libraries

Log in to your account

Log in with GOOGLE


If you do not have an external account, but do have a local account, you can still log in:

  1. Home
  2. MARC view: Mission Planet Earth/
Normal view MARC view ISBD view

Mission Planet Earth/ (Record no. 112428)

[ view plain ]
MARC details
000 -LEADER
fixed length control field 00920nam a2200217 a 4500
001 - CONTROL NUMBER
control field 3836
003 - CONTROL NUMBER IDENTIFIER
control field a
005 - DATE AND TIME OF LATEST TRANSACTION
control field 20250410132948.0
008 - FIXED-LENGTH DATA ELEMENTS--GENERAL INFORMATION
fixed length control field 040107s19uu xx 00 eng d
020 ## - INTERNATIONAL STANDARD BOOK NUMBER
International Standard Book Number 1-902947-33-9
082 ## - DEWEY DECIMAL CLASSIFICATION NUMBER
Classification number M 551
Item number Ri544 2009
100 ## - MAIN ENTRY--PERSONAL NAME
Personal name Ride, Sally & O'Shaughnessy, Tam/
245 ## - TITLE STATEMENT
Title Mission Planet Earth/
Statement of responsibility, etc Sally Ride & Tam O'Shaughnessy
260 ## - PUBLICATION, DISTRIBUTION, ETC. (IMPRINT)
Name of publisher, distributor, etc Roaring Brook Press
Date of publication, distribution, etc 2009
Place of publication, distribution, etc New York
300 ## - PHYSICAL DESCRIPTION
Extent 61 p. ; cm.
500 ## - GENERAL NOTE
General note "First published in 2004 by Miles Kelly Publishing Ltd., Bardfield Centre, Great Bardfield, Essex"--T.p. verso.
520 ## - SUMMARY, ETC.
Summary, etc The jewel planet -- Spinning glove -- Warm and cold -- Eath story -- Moving continents -- Rocks and minerals -- Mountain high -- Fiery mountains -- Shaky ground -- Water on the land -- Rivers of ice -- Ocean deep -- Swirling air -- Stormy weather.
650 ## - SUBJECT ADDED ENTRY--TOPICAL TERM
Topical term or geographic name as entry element Planets
General subdivision Juvenile literature.
942 ## - ADDED ENTRY ELEMENTS (KOHA)
Source of classification or shelving scheme Dewey Decimal Classification
Koha item type Books
Holdings
Withdrawn status Lost status Damaged status Home library Current library Shelving location Date acquired Source of acquisition Total Checkouts Full call number Barcode Date last seen Price effective from Koha item type Source of classification or shelving scheme Sub Shelving location
      Elizalde Library Elizalde Library Main Section 04/10/2025 Library Fund   M 551 Ri544 2009 E12539 04/10/2025 04/10/2025 Books Dewey Decimal Classification  
      Munich Library Munich Library Reference Section 01/07/2004     REF 550 F37 2000 M3724 04/14/2014 04/14/2014 Books    

Mission Planet Earth/

APA

Ride S. &. O. T., . (2009). Mission Planet Earth. New York: Roaring Brook Press.

Chicago

Ride Sally & O'Shaughnessy Tam, . 2009. Mission Planet Earth. New York: Roaring Brook Press.

Harvard

Ride S. &. O. T., . (2009). Mission Planet Earth. New York: Roaring Brook Press.

MLA

Ride Sally & O'Shaughnessy Tam, . Mission Planet Earth. New York: Roaring Brook Press. 2009.

  • Place hold
  • Print
  • Cite
  • Add to your cart (remove)
  • Save record
    BIBTEX Dublin Core MARCXML MARC (non-Unicode/MARC-8) MARC (Unicode/UTF-8) MARC (Unicode/UTF-8, Standard) MODS (XML) RIS
  • More searches
    Search for this title in:
    Other Libraries (WorldCat) Other Databases (Google Scholar) Online Stores (Bookfinder.com) Open Library (openlibrary.org)

Exporting to Dublin Core...

SOUTHVILLE LIBRARY

Southville International School and Colleges Library

1281 Tropical Ave. Cor. Luxembourg St., BF Homes International, Las Pinas City

Tel. No. 8256374 / 252358 Loc. 117/146

Powered by Koha